Vista normal Vista MARC
  • Forero, Diana C.

Entrada Nombre personal

Número de registros utilizados en: 3

001 - NÚMERO DE CONTROL

  • campo de control: 41483

003 - IDENTIFICADOR DEL NÚMERO DE CONTROL

  • campo de control: OSt

005 - FECHA Y HORA DE LA ÚLTIMA TRANSACCIÓN

  • campo de control: 20200109102855.0

008 - DATOS DE LONGITUD FIJA

  • campo de control de longitud fija: 200109|| aca||aabn | a|a d

040 ## - FUENTE DE LA CATALOGACIÓN

  • Centro catalogador/agencia de origen: OSt
  • Centro/agencia transcriptor: OSt

100 ## - ENCABEZAMIENTO-NOMBRE DE PERSONA

  • Nombre de persona: Forero, Diana C.

670 ## - FUENTE DE DATOS ENCONTRADOS

  • Cita de la fuente: Work cat.: (OSt)26054: Martínez B., Ricardo 41219, Sistema experto para el manejo del cultivo de la palma de aceite (Elaeis guineensis Jacq), 2005